000 00906nam a2200253Ia 4500
003 OSt
005 20220923211329.0
006 a|||||r|||| 00| 0
007 ta
008 220922b |||||||| |||| 00| 0 pan d
020 _a9788182991080 (hbk)
_c450
024 _a336,250
037 _bSP/5380, 17/03/2018, Star Publications (Pvt.) Ltd.
_cTextual
040 _aARTS
_cARTS
_bpan
041 _2pan
_apan
082 _aR3xC57:1, 153M3;Q7
100 _aਅਰFੀ, ਗੁਰਚਰਨ ਸਿੰਘ, ੳਗ.
_9159513
245 0 _aਰਿਪਬਲਿਕ
260 _aਦਿੱਲੀ
_b ਆਰਸੀ ਪਬਲਿFਰਗ਼
_c2017
300 _a432ਪ0
_ccm.
650 _aਦਰFਨ Fਾਸਤਰ
_9159399
942 _hR3xC57:1, 153M3;Q7
_cTEXL
_2CC
999 _c298553
_d298553